| 000 | 01368nam a2200301 i 4500 | ||
|---|---|---|---|
| 001 | 153945 | ||
| 003 | ES-MaACL | ||
| 005 | 20250827063225.0 | ||
| 008 | 931025e1812 sp |r 00| 0 spa | ||
| 040 | _cES-MaACL | ||
| 080 | _a272-745.4-87(460)"18" | ||
| 080 | _a27(460)"18" | ||
| 100 | 1 |
_aSáenz de Santa María, José, _d1726-1813 _eaut _9147084 |
|
| 245 | 1 | 0 |
_aRepresentación que el Ilustrísimo Señor Obispo de Segovia ha hecho al Augusto Congreso de las Cortes, pidiendo el restablecimiento del Santo Tribunal de la Inquisición / _cdala a luz Un Español, amante de la Religión |
| 260 |
_aCádiz : _b[s.n.], _c1812 _f(Imp. Tormentaria) |
||
| 300 |
_a12 páginas ; _c20 cm |
||
| 530 | _aDisponible en formato digital | ||
| 594 | _aAl final del texto consta: Cádiz 16 de junio de 1812. José, Obispo de Segovia | ||
| 610 | 2 | 4 |
_aConsejo de Inquisición (España) _9242091 |
| 650 | 4 |
_aInquisición- _zEspaña- _yS.XIX _913800 |
|
| 710 | 2 |
_aImprenta Tormentaria _eprm _9242090 |
|
| 752 |
_aEspaña - _dCádiz |
||
| 852 | 4 |
_aES-MaACL _cDEPO _dOlim:D-621 _fSello de la Biblioteca de Salvador J. Trillo _jR-3098(8) _xHolandesa |
|
| 856 | 4 |
_uhttps://bdh-rd.bne.es/viewer.vm?id=0000079730&page=1 _yVersión en línea _z(Biblioteca Digital Hispánica) |
|
| 942 |
_cMONANT _n0 |
||
| 999 |
_c153945 _d153945 |
||